000 00825cam a2200229 a 4500
999 _c233539
_d233539
001 17151804
003 Nust
005 20170308155238.0
008 120207r20122002ilu 000 1 eng
010 _a 2012002339
020 _a9780755332618
040 _aDLC
_cDLC
_dDLC
042 _apcc
050 0 0 _aPR6063.A395
_bN33 2012
082 0 0 _a823.914
_bMAN
100 1 _aMansell, Jill.
245 1 0 _aNadia knows best /
_cby Jill Mansell.
260 _aNaperville, Ill. :
_bSourcebooks Landmark,
_c2002.
300 _a439 p. ;
_c20 cm.
650 _aWomen gardeners
_xFiction
655 7 _aLove stories.
_2gsafd
906 _a7
_bcbc
_corignew
_d1
_eecip
_f20
_gy-gencatlg
942 _2ddc
_cBK